000 00348nam a2200145Ia 4500
008 151213s9999 xx 000 0 und d
100 _aT. S. Eliot
245 _aSelected Poem of T. S. Eliot
_cT. S. Eliot
260 _aLondon
_bFeber & Feber
300 _a4541 p.
650 _aEnglish
650 _aPoem
700 _aT. S. Eliot
999 _c2915
_d2915